[Event "World Junior U20 Open 2018"]
[Site "Gebze"]
[Date "2018.09.08"]
[Round "5.60"]
[White "Gunduz, Umut Erdem"]
[Black "Pigeat, Alexandre"]
[Result "1-0"]
[WhiteElo "2119"]
[BlackElo "2347"]
[Annotator "NA"]
[PlyCount "80"]
[EventDate "2018.09.05"]
[EventType "swiss"]
[EventCountry "TUR"]
[SourceTitle "playchess.com"]
[Source "ChessBase"]
[SourceQuality "1"]
[TimeControl "40/5400+30:1800+30"]

1. e4 {[%emt 0:00:30]} e6 {[%emt 0:00:30]} 2. d4 {[%emt 0:00:00]} d5 {[%emt 0:00:30]} 3. Nd2 {[%emt 0:00:00]} c5 {[%emt 0:00:30]} 4. exd5 {[%emt 0:00:00]} Qxd5 {[%emt 0:00:00]} 5. Ngf3 {[%emt 0:00:00]} cxd4 {[%emt 0:02:00]} 6. Bc4 {[%emt 0:00:30]} Qd7 {[%emt 0:00:30]} 7. O-O {[%emt 0:00:00]} a6 {[%emt 0:00:30]} 8. Re1 {[%emt 0:03:00]} Nc6 {[%emt 0:03:30]} 9. Nb3 {[%emt 0:00:30]} Bb4 {[%emt 0:06:30]} 10. Bd2 {[%emt 0:04:30]} Bd6 {[%emt 0:04:30]} 11. c3 {[%emt 0:31:30]} Nf6 {[%emt 0:01:30]} 12. cxd4 {[%emt 0:10:30]} O-O {[%emt 0:02:30]} 13. Rc1 {[%emt 0:07:30]} Ne7 {[%emt 0:13:30]} 14. Ne5 {[%emt 0:01:30]} Qd8 {[%emt 0:00:30]} 15. Re3 {[%emt 0:03:30]} Nf5 {[%emt 0:02:30]} 16. Rh3 {[%emt 0:03:30]} Nxd4 {[%emt 0:07:30]} 17. Ba5 {[%emt 0:05:30]} b6 {[%emt 0:03:30]} 18. Qxd4 {[%emt 0:00:30]} bxa5 {[%emt 0:02:30]} 19. Bd3 {[%emt 0:10:50]} Bxe5 {[%emt 0:12:30]} 20. Qxe5 {[%emt 0:00:41]} g6 {[%emt 0:08:30]} 21. Nxa5 {[%emt 0:02:13]} Bd7 {[%emt 0:02:30]} 22. b4 {[%emt 0:01:01]} Ng4 {[%emt 0:03:30]} 23. Qe2 {[%emt 0:01:10]} Qg5 {[%emt 0:05:04]} 24. f4 {[%emt 0:02:13]} Qd5 {[%emt 0:04:08]} 25. Qxg4 {[%emt 0:01:29]} Qd4+ {[%emt 0:00:05]} 26. Kh1 {[%emt 0:02:58]} e5 {[%emt 0:00:53]} 27. Qh4 {[%emt 0:00:50]} Bxh3 {[%emt 0:00:34]} 28. Qxh3 {[%emt 0:00:01]} Qxf4 {[%emt 0:04:46]} 29. Rb1 {[%emt 0:04:10]} e4 {[%emt 0:00:59]} 30. Rf1 {[%emt 0:00:11]} Qd2 {[%emt 0:01:41]} 31. Bxe4 {[%emt 0:01:17]} Rae8 {[%emt 0:03:02]} 32. Nb3 {[%emt 0:01:21]} Qxb4 {[%emt 0:00:23]} 33. Bd5 {[%emt 0:00:32]} Re5 {[%emt 0:02:18]} 34. Qd3 {[%emt 0:01:23]} a5 {[%emt 0:01:16]} 35. Nd2 {[%emt 0:01:06]} Kg7 {[%emt 0:01:04]} 36. Nf3 {[%emt 0:00:43]} Rf5 {[%emt 0:00:25]} 37. Be4 {[%emt 0:00:48]} Rf4 {[%emt 0:00:28]} 38. Bd5 {[%emt 0:00:29]} Rd8 {[%emt 0:00:39]} 39. Qb3 {[%emt 0:00:30]} Qc5 {[%emt 0:00:30]} 40. Qb2+ {[%emt 0:00:00]} f6 {[%emt 0:01:45]} 1-0

[Event "World Junior U20 Open 2018"]
[Site "Gebze"]
[Date "2018.09.08"]
[Round "5.61"]
[White "Baylav, Can"]
[Black "Hollan, Martin"]
[Result "0-1"]
[WhiteElo "2026"]
[BlackElo "2336"]
[Annotator "NA"]
[PlyCount "102"]
[EventDate "2018.09.05"]
[EventType "swiss"]
[EventCountry "TUR"]
[SourceTitle "playchess.com"]
[Source "ChessBase"]
[SourceQuality "1"]
[TimeControl "40/5400+30:1800+30"]

1. e4 {[%emt 0:00:30]} e5 {[%emt 0:00:30]} 2. Nf3 {[%emt 0:00:30]} Nc6 {[%emt 0:00:00]} 3. Bb5 {[%emt 0:00:00]} g6 {[%emt 0:00:00]} 4. O-O {[%emt 0:00:00]} Bg7 {[%emt 0:00:30]} 5. c3 {[%emt 0:00:30]} Nge7 {[%emt 0:00:30]} 6. d4 {[%emt 0:01:30]} exd4 {[%emt 0:00:00]} 7. cxd4 {[%emt 0:00:00]} a6 {[%emt 0:00:00]} 8. Ba4 {[%emt 0:01:00]} b5 {[%emt 0:00:30] C60: Ruy Lopez: Unusual Black 3rd moves and 3...g6} 9. Bb3 {[%emt 0:00:30]} d6 {[%emt 0:00:30]} 10. h3 {[%emt 0:01:30]} O-O {[%emt 0:00:00]} 11. Nc3 {[%emt 0:08:30]} Na5 {[%emt 0:01:00]} 12. Bc2 {[%emt 0:00:30]} c5 {[%emt 0:00:00]} 13. a3 {[%emt 0:07:30] [#]} (13. dxc5 dxc5 14. Qxd8 Rxd8 {0-1 (65) Vachier Lagrave,M (2789)-Mamedyarov,S (2808) Leuven 2018}) 13... h6 $146 {[%emt 0:16:00]} ({Predecessor:} 13... cxd4 14. Nxd4 Bb7 15. Bg5 h6 16. Bh4 {1-0 (50) Alekseenko,K (2367)-Stefansson,H (2531) Plovdiv 2012}) 14. Bf4 {[%emt 0:02:30]} cxd4 {[%emt 0:05:30]} 15. Nxd4 {[%emt 0:00:30]} Bb7 {[%emt 0:01:30]} 16. Rb1 {[%emt 0:02:30]} Rc8 {[%emt 0:04:30]} 17. Qd3 {[%emt 0:07:30]} Nc4 {[%emt 0:01:30]} 18. Rfe1 {[%emt 0:02:30]} Qb6 {[%emt 0:06:30]} 19. Nde2 {[%emt 0:01:30]} Rfd8 {[%emt 0:02:30]} 20. Bb3 {[%emt 0:14:30]} d5 {[%emt 0:07:30]} 21. exd5 {[%emt 0:01:30]} Nxd5 {[%emt 0:00:00]} 22. Nxd5 {[%emt 0:01:30]} Bxd5 {[%emt 0:00:00]} 23. Bxc4 {[%emt 0:04:30]} Bxc4 {[%emt 0:02:30]} 24. Qg3 {[%emt 0:08:30]} Bd3 {[%emt 0:10:30]} 25. Rbc1 {[%emt 0:00:30]} Bxe2 {[%emt 0:02:30]} 26. Rxc8 {[%emt 0:02:30]} Rxc8 {[%emt 0:00:30]} 27. Rxe2 {[%emt 0:00:00]} Qd4 {[%emt 0:01:30]} 28. Qe3 {[%emt 0:03:00]} g5 {[%emt 0:03:30]} 29. Qxd4 {[%emt 0:02:30]} Bxd4 {[%emt 0:00:30]} 30. Be3 {[%emt 0:00:30]} Bxe3 {[%emt 0:01:30]} 31. fxe3 {[%emt 0:00:00]} Kf8 {[%emt 0:00:30]} 32. Kf2 {[%emt 0:01:00]} Ke7 {[%emt 0:00:30]} 33. e4 {[%emt 0:00:30]} Ke6 {[%emt 0:00:30]} 34. Ke3 {[%emt 0:01:30]} Rc1 {[%emt 0:02:30]} 35. Kd4 {[%emt 0:01:30]} Rc4+ {[%emt 0:00:30]} 36. Kd3 {[%emt 0:00:30]} Ke5 {[%emt 0:13:52]} 37. Rf2 {[%emt 0:01:30]} Rd4+ {[%emt 0:03:59]} 38. Kc3 {[%emt 0:00:30]} Rd7 {[%emt 0:01:11]} 39. Rf5+ {[%emt 0:01:30]} Kxe4 {[%emt 0:01:21]} 40. Rf6 {[%emt 0:00:00]} h5 {[%emt 0:00:00]} 41. Rxa6 {[%emt 0:02:00]} Rd3+ {[%emt 0:01:37]} 42. Kb4 {[%emt 0:02:30]} Rd2 {[%emt 0:01:30]} 43. b3 {[%emt 0:02:30]} Rxg2 {[%emt 0:00:30]} 44. Kxb5 {[%emt 0:01:30]} Rg3 {[%emt 0:00:30]} 45. b4 {[%emt 0:02:30]} Rxh3 {[%emt 0:00:30]} 46. Kc6 {[%emt 0:01:30]} g4 {[%emt 0:02:30]} 47. Ra8 {[%emt 0:02:30]} Rc3+ {[%emt 0:00:30]} 48. Kd6 {[%emt 0:01:30]} g3 {[%emt 0:01:30]} 49. a4 {[%emt 0:00:30]} h4 {[%emt 0:00:30]} 50. Rg8 {[%emt 0:03:30]} h3 {[%emt 0:01:30]} 51. b5 {[%emt 0:00:00]} h2 {[%emt 0:00:00]} 0-1

[Event "World Junior U20 Open 2018"]
[Site "Gebze"]
[Date "2018.09.08"]
[Round "5.62"]
[White "Sevgi, Volkan"]
[Black "Rodrigue-Lemieux, Shawn"]
[Result "1-0"]
[WhiteElo "2323"]
[BlackElo "2250"]
[Annotator "NA"]
[PlyCount "95"]
[EventDate "2018.09.05"]
[EventType "swiss"]
[EventCountry "TUR"]
[SourceTitle "playchess.com"]
[Source "ChessBase"]
[SourceQuality "1"]
[TimeControl "40/5400+30:1800+30"]

1. Nf3 Nf6 2. g3 d5 3. Bg2 e6 4. O-O Be7 5. b3 O-O 6. Bb2 Nbd7 7. d3 Bd6 8. c4 c6 9. Nbd2 e5 10. cxd5 cxd5 11. e4 d4 12. Nc4 Bc7 13. Ba3 Re8 14. Nd6 Bxd6 15. Bxd6 Qb6 16. Ba3 Qa6 17. Bb2 Nc5 18. Nxe5 Rxe5 19. Bxd4 Ncd7 20. Bxe5 Nxe5 21. d4 Nc6 22. d5 Ne5 23. Qd4 Nfd7 24. f4 Ng6 25. Kh1 Qb6 26. Qd2 Nc5 27. Rac1 Bd7 28. b4 Na6 29. a3 Rd8 30. e5 Bf5 31. Qe2 Nc7 32. Qh5 Bd7 33. Rfe1 Ba4 34. f5 Nf8 35. e6 fxe6 36. fxe6 Ng6 37. Rf1 Be8 38. Qf5 Qd6 39. h4 Qxg3 40. Qf2 Qxf2 41. Rxf2 {[%emt 1:45:30]} Nb5 {[%emt 2:02:05]} 42. Rcf1 {[%emt 0:00:30]} h5 {[%emt 0:00:30]} 43. Be4 {[%emt 0:00:30]} Nd6 {[%emt 0:00:30]} 44. Rf8+ {[%emt 0:00:30]} Kh7 {[%emt 0:00:00]} 45. Bd3 {[%emt 0:05:30]} Kh6 {[%emt 0:00:30]} 46. e7 {[%emt 0:01:30]} Rc8 {[%emt 0:00:33]} 47. Rg1 {[%emt 0:00:30]} Rc3 {[%emt 0:04:05]} 48. Rxg6+ {[%emt 0:00:30]} 1-0

[Event "World Junior U20 Open 2018"]
[Site "Gebze"]
[Date "2018.09.08"]
[Round "5.63"]
[White "Nastase, Robert-Paul"]
[Black "Zrikem, Nassim"]
[Result "1-0"]
[WhiteElo "2313"]
[BlackElo "2066"]
[Annotator "NA"]
[PlyCount "98"]
[EventDate "2018.09.05"]
[EventType "swiss"]
[EventCountry "TUR"]
[SourceTitle "playchess.com"]
[Source "ChessBase"]
[SourceQuality "1"]
[TimeControl "40/5400+30:1800+30"]

1. e4 {[%emt 0:00:30]} e5 {[%emt 0:00:30]} 2. Nf3 {[%emt 0:00:30]} Nc6 {[%emt 0:00:30]} 3. Bc4 {[%emt 0:00:00]} Nf6 {[%emt 0:00:00]} 4. Ng5 {[%emt 0:00:00]} d5 {[%emt 0:01:00]} 5. exd5 {[%emt 0:00:00]} Na5 {[%emt 0:00:00]} 6. Bb5+ {[%emt 0:00:00]} c6 {[%emt 0:00:00]} 7. dxc6 {[%emt 0:00:00]} bxc6 {[%emt 0:00:30]} 8. Bd3 {[%emt 0:00:00]} Nd5 {[%emt 0:12:30] C58: Two Knights: 4 Ng5 d5 5 exd5 Na5 sidelines} 9. Nf3 {[%emt 0:00:00]} Bd6 {[%emt 0:02:30]} 10. O-O {[%emt 0:00:00]} O-O {[%emt 0:00:30]} 11. Re1 {[%emt 0:00:30]} Qc7 {[%emt 0:02:30]} (11... f5 12. Nxe5 Qf6 13. Nf3 g5 14. g3 f4 15. Nc3 fxg3 16. hxg3 Nxc3 17. dxc3 {½-½ (52) Kovalev,V (2639)-Demchenko,A (2660) Riadh 2017}) 12. Bf1 {[%emt 0:10:00]} Bg4 {[%emt 0:04:30]} 13. h3 {[%emt 0:05:30]} Bh5 {[%emt 0:01:30]} 14. c4 {[%emt 0:14:30]} Nf4 {[%emt 0:16:30]} 15. d3 {[%emt 0:15:30]} Ne6 {[%emt 0:03:30]} 16. Be2 {[%emt 0:00:30]} Rad8 $146 {[%emt 0:05:30]} 17. Qa4 {[%emt 0:07:30]} f5 {[%emt 0:06:30]} 18. b4 {[%emt 0:03:30]} e4 {[%emt 0:09:30]} 19. Ng5 {[%emt 0:12:30]} Nxg5 {[%emt 0:25:32]} 20. Bxh5 $17 {[%emt 0:06:30]} (20. Bxg5 $11 {keeps the balance.} Bxe2 21. Nc3 (21. Qxa5 Bh2+ 22. Kh1 Qxa5 $17) (21. Bxd8 Qxd8 22. Nd2 Be5 $17) 21... Bxd3 22. Bxd8 Rxd8 23. Qxa5) 20... Nf7 21. Bxf7+ Rxf7 22. Bb2 Bh2+ 23. Kh1 Be5 24. Bxe5 Qxe5 25. Qxa5 Qxa5 26. bxa5 Rxd3 27. Rc1 f4 28. Nc3 e3 29. fxe3 fxe3 30. Rab1 h6 31. Rb2 Re7 32. Re2 g5 33. Kg1 Kg7 34. Kf1 Re5 35. Nd1 Rd2 36. Ke1 Rxa5 37. Rc2 Rd3 38. Rxe3 Rd6 39. Nc3 Rd4 40. Re4 Rd3 41. Ke2 Rg3 42. Kf2 Rd3 43. Re3 Rd4 44. Ne2 Rd6 45. Ng3 Kg6 46. c5 Rf6+ 47. Rf3 Re6 48. Rd3 Kf7 49. Rd7+ Ke8 1-0

[Event "World Junior U20 Open 2018"]
[Site "Gebze"]
[Date "2018.09.08"]
[Round "5.64"]
[White "Zlatin, Alexander"]
[Black "Erdogan, Anil Berk"]
[Result "1-0"]
[WhiteElo "2312"]
[BlackElo "2083"]
[Annotator "ChessBase"]
[PlyCount "57"]
[EventDate "2018.09.05"]
[EventType "swiss"]
[EventCountry "TUR"]
[SourceTitle "playchess.com"]
[Source "ChessBase"]
[SourceQuality "1"]
[TimeControl "40/5400+30:1800+30"]

1. e4 {[%emt 0:00:30]} e6 {[%emt 0:00:30]} 2. b3 {[%emt 0:00:00]} d5 {[%emt 0:02:30]} 3. Bb2 {[%emt 0:00:00]} dxe4 {[%emt 0:02:30]} 4. Nc3 {[%emt 0:00:30]} f5 {[%emt 0:01:30]} 5. f3 {[%emt 0:00:30]} Bd6 {[%emt 0:02:30]} 6. g3 {[%emt 0:01:30]} exf3 {[%emt 0:03:30]} 7. Nxf3 {[%emt 0:00:00]} Nf6 {[%emt 0:02:30]} 8. Bc4 {[%emt 0:01:00]} O-O {[%emt 0:07:30]} 9. Qe2 {[%emt 0:00:00]} Re8 {[%emt 0:07:30]} 10. O-O-O {[%emt 0:01:00]} Nc6 {[%emt 0:04:30]} 11. d4 {[%emt 0:05:30]} Nb4 {[%emt 0:09:30]} 12. Rhe1 {[%emt 0:21:30]} c6 {[%emt 0:03:30]} 13. Ne5 {[%emt 0:03:30]} Nbd5 {[%emt 0:05:30]} 14. g4 {[%emt 0:04:30]} Bxe5 {[%emt 0:15:30]} 15. dxe5 {[%emt 0:01:30]} Nxg4 {[%emt 0:01:30]} 16. h3 {[%emt 0:04:30]} Qg5+ {[%emt 0:00:30]} 17. Kb1 {[%emt 0:01:30]} Nge3 {[%emt 0:01:30]} 18. Qd2 {[%emt 0:05:30]} h6 {[%emt 0:20:03]} 19. Nxd5 {[%emt 0:06:30]} Nxd1 {[%emt 0:03:58]} 20. Nf6+ {[%emt 0:01:30]} gxf6 {[%emt 0:03:00]} 21. Qxd1 {[%emt 0:00:30]} Kf7 {[%emt 0:00:21]} 22. Rg1 {[%emt 0:00:00]} Rd8 {[%emt 0:00:26]} 23. Qe1 {[%emt 0:00:00]} Qf4 {[%emt 0:00:41]} 24. exf6 {[%emt 0:00:30]} Rg8 {[%emt 0:00:28]} 25. Rxg8 {[%emt 0:00:30]} Kxg8 {[%emt 0:00:45]} 26. Bxe6+ {[%emt 0:00:30]} Kh7 {[%emt 0:00:08]} 27. Bg8+ {[%emt 0:00:30]} Kg6 {[%emt 0:00:19]} 28. Qe8+ {[%emt 0:00:30]} Kg5 {[%emt 0:00:09]} 29. Bc1 {[%emt 0:00:00]} 1-0

[Event "World Junior U20 Open 2018"]
[Site "Gebze"]
[Date "2018.09.08"]
[Round "5.65"]
[White "Suleymenov, Alisher"]
[Black "Ozturk, Efe Hakan"]
[Result "1/2-1/2"]
[WhiteElo "2307"]
[BlackElo "2065"]
[Annotator "ChessBase"]
[PlyCount "73"]
[EventDate "2018.09.05"]
[EventType "swiss"]
[EventCountry "TUR"]
[SourceTitle "playchess.com"]
[Source "ChessBase"]
[SourceQuality "1"]
[TimeControl "40/5400+30:1800+30"]

1. d4 {[%emt 0:01:30]} d5 {[%emt 0:00:30]} 2. c4 {[%emt 0:00:30]} e6 {[%emt 0:00:30]} 3. Nc3 {[%emt 0:00:00]} Nf6 {[%emt 0:00:30]} 4. cxd5 {[%emt 0:00:00]} exd5 {[%emt 0:00:00]} 5. Bg5 {[%emt 0:00:00]} c6 {[%emt 0:00:00]} 6. e3 {[%emt 0:00:00]} Be7 {[%emt 0:00:00]} 7. Bd3 {[%emt 0:00:00]} Nbd7 {[%emt 0:01:00]} 8. Qc2 {[%emt 0:05:00]} Nh5 {[%emt 0:00:30]} 9. Bxe7 {[%emt 0:01:30]} Qxe7 {[%emt 0:00:00]} 10. Nge2 {[%emt 0:00:30]} g6 {[%emt 0:00:00]} 11. g4 {[%emt 0:12:30]} Ng7 {[%emt 0:03:30]} 12. O-O-O {[%emt 0:06:30]} Nb6 {[%emt 0:03:30]} 13. h3 {[%emt 0:07:30]} Bd7 {[%emt 0:04:30]} 14. Nf4 {[%emt 0:10:30]} g5 {[%emt 0:10:30]} 15. Nfe2 {[%emt 0:00:30]} h5 {[%emt 0:00:30]} 16. Ng3 {[%emt 0:08:30]} O-O-O {[%emt 0:05:30]} 17. Nf5 {[%emt 0:16:30]} Nxf5 {[%emt 0:01:30]} 18. Bxf5 {[%emt 0:00:00]} Bxf5 {[%emt 0:02:30]} 19. Qxf5+ {[%emt 0:00:00]} Kb8 {[%emt 0:00:30]} 20. h4 {[%emt 0:15:21]} Rdg8 {[%emt 0:08:30]} 21. gxh5 {[%emt 0:00:12]} Rxh5 {[%emt 0:00:30]} 22. hxg5 {[%emt 0:01:00]} Rhxg5 {[%emt 0:01:30]} 23. Qf4+ {[%emt 0:00:25]} Qc7 {[%emt 0:00:30]} 24. Rh4 {[%emt 0:02:50]} Nc4 {[%emt 0:04:30]} 25. Ne2 {[%emt 0:03:08]} Qxf4 {[%emt 0:01:30]} 26. Rxf4 {[%emt 0:00:02]} Nd6 {[%emt 0:00:30]} 27. Ng3 {[%emt 0:00:58]} Rh8 {[%emt 0:04:30]} 28. Kd2 {[%emt 0:02:10]} Rh2 {[%emt 0:01:30]} 29. Kd3 {[%emt 0:00:01]} f5 {[%emt 0:01:30]} 30. Nf1 {[%emt 0:06:10]} Rh1 {[%emt 0:01:30]} 31. Ke2 {[%emt 0:00:01]} Rgg1 {[%emt 0:01:30]} 32. Rf3 {[%emt 0:00:00]} Kc7 {[%emt 0:01:30]} 33. Rg3 {[%emt 0:00:37]} Ne4 {[%emt 0:02:30]} 34. Rf3 {[%emt 0:00:06]} Nd6 {[%emt 0:01:30]} 35. Rg3 {[%emt 0:01:40]} Ne4 {[%emt 0:00:00]} 36. Rf3 {[%emt 0:00:22]} Nd6 {[%emt 0:00:00]} 37. Rg3 {[%emt 0:00:49]} 1/2-1/2

[Event "World Junior U20 Open 2018"]
[Site "Gebze"]
[Date "2018.09.08"]
[Round "5.66"]
[White "Akin, Kadir"]
[Black "Milosevic, Milos"]
[Result "0-1"]
[WhiteElo "1974"]
[BlackElo "2292"]
[Annotator "ChessBase"]
[PlyCount "60"]
[EventDate "2018.09.05"]
[EventType "swiss"]
[EventCountry "TUR"]
[SourceTitle "playchess.com"]
[Source "ChessBase"]
[SourceQuality "1"]
[TimeControl "40/5400+30:1800+30"]

1. e4 {[%emt 0:00:30]} e6 {[%emt 0:00:30]} 2. d4 {[%emt 0:00:30]} d5 {[%emt 0:00:30]} 3. exd5 {[%emt 0:00:00]} exd5 {[%emt 0:00:30]} 4. Bd3 {[%emt 0:00:00]} Nf6 {[%emt 0:00:00]} 5. Nf3 {[%emt 0:00:00]} Bd6 {[%emt 0:00:00]} 6. O-O {[%emt 0:00:00]} O-O {[%emt 0:00:30]} 7. Bg5 {[%emt 0:00:00]} h6 {[%emt 0:00:30]} 8. Bh4 {[%emt 0:00:00]} Be6 {[%emt 0:01:30]} 9. Re1 {[%emt 0:01:30]} c5 {[%emt 0:06:30]} 10. dxc5 {[%emt 0:09:30]} Bxc5 {[%emt 0:00:30]} 11. Nc3 {[%emt 0:00:30]} Nc6 {[%emt 0:00:30]} 12. a3 {[%emt 0:01:30]} a5 {[%emt 0:04:30]} 13. Qd2 {[%emt 0:03:30]} Be7 {[%emt 0:01:30]} 14. Rad1 {[%emt 0:03:30]} Rc8 {[%emt 0:04:30]} 15. Nb5 {[%emt 0:05:30]} Qb6 {[%emt 0:43:30]} 16. Qf4 {[%emt 0:17:30]} Nh5 {[%emt 0:06:30]} 17. Qa4 {[%emt 0:00:30]} Bc5 {[%emt 0:01:30]} 18. Rd2 {[%emt 0:06:30]} Bd7 {[%emt 0:02:30]} 19. c3 {[%emt 0:07:30]} Na7 {[%emt 0:03:30]} 20. Nfd4 {[%emt 0:02:30]} Nf4 {[%emt 0:00:30]} 21. Bf1 {[%emt 0:00:30]} Ne6 {[%emt 0:00:48]} 22. Nxe6 {[%emt 0:01:30]} fxe6 {[%emt 0:00:41]} 23. c4 {[%emt 0:03:30]} dxc4 {[%emt 0:03:38]} 24. Bxc4 {[%emt 0:01:30]} Nxb5 {[%emt 0:06:27]} 25. Rxd7 {[%emt 0:00:30]} Bxf2+ {[%emt 0:00:59]} 26. Kh1 {[%emt 0:00:30]} Bxe1 {[%emt 0:01:16]} 27. Bxe1 {[%emt 0:00:00]} Qc6 {[%emt 0:00:52]} 28. Qxb5 {[%emt 0:06:00]} Qxc4 {[%emt 0:01:19]} 29. Rxg7+ {[%emt 0:01:30]} Kxg7 {[%emt 0:01:12]} 30. Qe5+ {[%emt 0:00:30]} Kh7 {[%emt 0:00:00]} 0-1

[Event "World Junior U20 Open 2018"]
[Site "Gebze"]
[Date "2018.09.08"]
[Round "5.67"]
[White "Taalaibekov, Tagir"]
[Black "Ozsakallioglu, Okan"]
[Result "0-1"]
[WhiteElo "2291"]
[BlackElo "1955"]
[Annotator "NA"]
[PlyCount "84"]
[EventDate "2018.09.05"]
[EventType "swiss"]
[EventCountry "TUR"]
[SourceTitle "playchess.com"]
[Source "ChessBase"]
[SourceQuality "1"]
[TimeControl "40/5400+30:1800+30"]

1. d4 {[%emt 0:01:30]} Nf6 {[%emt 0:00:30]} 2. Nf3 {[%emt 0:00:30]} g6 {[%emt 0:00:00]} 3. g3 {[%emt 0:00:30]} Bg7 {[%emt 0:00:00]} 4. Bg2 {[%emt 0:00:00]} d6 {[%emt 0:01:30]} 5. O-O {[%emt 0:00:00]} O-O {[%emt 0:00:30]} 6. c4 {[%emt 0:00:30]} Nbd7 {[%emt 0:01:30]} 7. Nc3 {[%emt 0:00:00]} c6 {[%emt 0:00:00]} 8. e4 {[%emt 0:00:00]} e5 {[%emt 0:00:00]} 9. h3 {[%emt 0:00:30]} Re8 {[%emt 0:00:30]} 10. Be3 {[%emt 0:00:30]} exd4 {[%emt 0:00:30]} 11. Nxd4 {[%emt 0:00:30]} Nc5 {[%emt 0:00:30]} 12. f3 {[%emt 0:02:30]} a5 {[%emt 0:06:30]} 13. Qd2 {[%emt 0:05:30]} a4 {[%emt 0:02:30]} 14. Rad1 {[%emt 0:00:30]} Qa5 {[%emt 0:00:00]} 15. Nc2 {[%emt 0:14:30]} Be6 {[%emt 0:03:00]} 16. Na3 {[%emt 0:06:30]} Qb4 {[%emt 0:05:30]} 17. Rfe1 {[%emt 0:22:30]} Nfd7 {[%emt 0:04:30]} 18. f4 {[%emt 0:18:30]} Bxc4 {[%emt 0:01:30]} 19. Nxc4 {[%emt 0:01:30]} Qxc4 {[%emt 0:00:30]} 20. Qxd6 {[%emt 0:00:30]} a3 {[%emt 0:00:30]} 21. Bf1 {[%emt 0:05:22]} Qb4 {[%emt 0:00:30]} 22. Nb1 {[%emt 0:01:15]} axb2 {[%emt 0:01:30]} 23. a3 {[%emt 0:00:08]} Qxe4 {[%emt 0:00:30]} 24. Re2 {[%emt 0:16:04]} Qf3 {[%emt 0:01:30]} 25. Bxc5 {[%emt 0:00:20]} Nxc5 {[%emt 0:01:30]} 26. Rg2 {[%emt 0:02:17]} Ne4 {[%emt 0:00:30]} 27. Qd7 {[%emt 0:00:15]} Nf6 {[%emt 0:01:30]} 28. Qd6 {[%emt 0:01:03]} Nd5 {[%emt 0:00:30]} 29. Rd3 {[%emt 0:00:00]} Re3 {[%emt 0:00:00]} 30. Be2 {[%emt 0:00:42]} Qe4 {[%emt 0:00:00]} 31. Nd2 {[%emt 0:00:32]} Rxd3 {[%emt 0:00:30]} 32. Nxe4 {[%emt 0:00:56]} b1=Q+ {[%emt 0:00:00]} 33. Kh2 {[%emt 0:00:00]} Re3 {[%emt 0:00:00]} 34. Ng5 {[%emt 0:00:00]} Rae8 {[%emt 0:00:30]} 35. Bc4 {[%emt 0:00:08]} Re1 {[%emt 0:00:30]} 36. Rf2 {[%emt 0:00:49]} h5 {[%emt 0:02:30]} 37. Bxd5 {[%emt 0:00:30]} cxd5 {[%emt 0:00:30]} 38. Qxd5 {[%emt 0:00:30]} Qf5 {[%emt 0:00:30]} 39. Qxb7 {[%emt 0:00:30]} R1e2 {[%emt 0:00:00]} 40. Rxe2 {[%emt 0:01:00]} Rxe2+ {[%emt 0:00:00]} 41. Kh1 {[%emt 0:00:09]} Re1+ {[%emt 0:00:30]} 42. Kg2 {[%emt 0:00:30]} Qc2+ {[%emt 0:00:00]} 0-1

[Event "World Junior U20 Open 2018"]
[Site "Gebze"]
[Date "2018.09.08"]
[Round "5.68"]
[White "Karaoglan, Doruk"]
[Black "Sanal, Vahap"]
[Result "0-1"]
[WhiteElo "2196"]
[BlackElo "2502"]
[Annotator "TA"]
[PlyCount "46"]
[EventDate "2018.09.05"]
[EventType "swiss"]
[EventCountry "TUR"]
[SourceTitle "playchess.com"]
[Source "ChessBase"]
[SourceQuality "1"]

{[%evp 16,46,-25,-39,-44,-94,-89,-109,-118,-114,-104,-101,-39,-47,-34,-29,-20,-79,-86,-115,-107,-227,-241,-324,-327,-475,-472,-458,-486,-514,-468,-1193,-672]} 1. e4 e5 2. Nf3 Nc6 3. Bc4 Nf6 4. d3 Bc5 5. c3 O-O 6. Bb3 {C54: Giuoco Piano: 4 c3 Nf6, main lines with 5 d4 and 5 d3} (6. O-O d6 7. Re1 h6 8. Nbd2 a5 9. Nf1 Bb6 10. Be3 Bxe3 11. Nxe3 Be6 12. Bb5 Ne7 13. Ba4 Ng6 14. Bc2 Re8 15. d4 {1-0 (54) Vachier Lagrave,M (2789)-Caruana,F (2816) Paris 2018}) 6... h6 7. h3 d5 8. Qe2 a5 9. a4 {LiveBook: 3 Games} b6 10. O-O {[#]} Ba6 $1 {Threatens to win with ...dxe4.} 11. exd5 e4 $1 {[%cal Re4f3]} ({Much worse is} 11... Nxd5 $6 12. Qe4 $14) 12. Ne1 {[#]} exd3 $146 ({Predecessor:} 12... Ne5 13. c4 Nxd3 14. Nxd3 exd3 {0-1 (44) Delgado Ramirez,N (2614)-Vidit,S (2693) Tbilisi 2017}) 13. Nxd3 {[#]} Ne5 $1 {[%mdl 512]} 14. c4 $1 $15 (14. Nxe5 Bxe2) 14... Nxd3 15. Qxd3 {[#]} c6 $1 $36 {[%cal Bc7c6,Bc6d5][%mdl 2592] White is under pressure.} 16. Rd1 (16. Nc3 $11 {remains equal.}) (16. dxc6 Qxd3) 16... cxd5 $17 17. Qf3 {[%cal Rc4d5]} Qe7 18. Nd2 (18. Be3 $17) 18... Rad8 $19 19. Rf1 Rfe8 20. Qg3 (20. Ba2 {is a better defense.}) 20... dxc4 {Black is clearly winning.} 21. Nxc4 Ne4 {[%cal Bf6e4,Be4f2,Bf2g4][%mdl 32]} 22. Qf3 Nxf2 23. Bxh6 (23. Be3 $142 Bxc4 24. Bxc5 Qxc5 25. Rxf2) 23... Ng4+ {Precision: White = 14%, Black = 70%.} 0-1